National Animal to Country - Statistics

General Stats
  • This quiz has been taken 15 times
  • The average score is 12 of 21
Answer Stats
National Animal Country % Correct
Giant Panda China
100%
Bald Eagle USA
100%
Emu Australia
90%
Beaver Canada
90%
Bengal Tiger India / Bangladesh
90%
Ring-Tailed Lemur Madagascar
90%
Kiwi New Zealand
90%
Komodo Dragon Indonesia
80%
Unicorn Scotland
70%
Springbok South Africa
70%
Bull Spain
70%
Dodo Mauritius
60%
Carp Japan
50%
Fennec Fox Algeria
30%
King Cobra India
30%
Okapi DRC
20%
European Bison Belarus
10%
Dolphin Greece
10%
Gyrfalcon Iceland
10%
Red Deer Ireland
10%
Eurasian Elk Sweden
10%
No matching quizzes found
Score Distribution
Percent of People with Each Score
Percentile by Number Answered
Your Score History
You have not taken this quiz